00321nam a22001337a 4500003000400000008004100004020001800045082001500063100002900078245003400107260002600141300000800167650001200175OSt250530b |||||||| |||| 00| 0 eng d a9788129136770 a181.43 CHN aCHATTERJEE, Satischandra aThe Nyaya Theory Of Knowledge aNew DelhibRupac2015 a423 aGeneral